|
|
|
|
| LEADER |
00555nam a22001217a 4500 |
| 003 |
AR-BeUNQ |
| 005 |
20190603170853.0 |
| 999 |
|
|
|c 31066
|d 114866
|
| 245 |
|
|
|a La generación del '80 en Mendoza :
|b Aportes para el estudio de la circulación de las élites y de la pervivencia de los resabios del antiguo régimen colonial de América Latina (racismo, nepotismo, patrimonialismo y corporativismo) /
|c Pablo Lacoste.
|
| 250 |
|
|
|a 1a ed.
|
| 260 |
|
|
|a Mendoza :
|c 1995.
|b EDINUC,
|
| 929 |
|
|
|a DONACION
|b Centro de DDHH Mignone
|d 350,00
|e 20190228
|f PAT0072715
|g 3455
|h 1
|o PR
|
| 942 |
|
|
|c LIB
|n 1
|